दमन : (Record no. 112829)

MARC details
000 -LEADER
fixed length control field 01285nam a22002657a 4500
005 - DATE AND TIME OF LATEST TRANSACTION
control field 20170124102944.0
010 ## - LIBRARY OF CONGRESS CONTROL NUMBER
LC control number B-023332
020 ## - INTERNATIONAL STANDARD BOOK NUMBER
Terms of availability 100.00
International Standard Book Number 8185139520
035 ## - SYSTEM CONTROL NUMBER
System control number A-995116
037 ## - SOURCE OF ACQUISITION
Source of stock number/acquisition Cen Lib/Ret
040 ## - CATALOGING SOURCE
Original cataloging agency DPL
Language of cataloging HN
082 ## - DEWEY DECIMAL CLASSIFICATION NUMBER
Classification number 822
Item number दीक्षित
100 ## - MAIN ENTRY--PERSONAL NAME
Personal name दीक्षित , रामाश्रय
9 (RLIN) 49347
245 ## - TITLE STATEMENT
Title दमन :
Statement of responsibility, etc रामाश्रय दीक्षित
Remainder of title स्वतंत्रता संग्राम की पृष्ठभूमि पर आधारित नाटक /
246 ## - VARYING FORM OF TITLE
Title proper/short title daman :bhartiya swatantrta -sangram ki preshthbhumi per aadharit natak
Remainder of title by Ramashrya Dikshit
260 ## - PUBLICATION, DISTRIBUTION, ETC. (IMPRINT)
Place of publication, distribution, etc बिजनौर
Name of publisher, distributor, etc हिन्दी साहित्य निकेतन
Date of publication, distribution, etc 1999
270 ## - ADDRESS
Address 16-साहित्य विहार
City बिजनौर
Postal code 246701
300 ## - PHYSICAL DESCRIPTION
Extent 131पृष्ठ.
Dimensions 21सेमी(सजिल्द)
650 ## - SUBJECT ADDED ENTRY--TOPICAL TERM
Topical term or geographic name as entry element हिंदी साहित्य
9 (RLIN) 49348
650 ## - SUBJECT ADDED ENTRY--TOPICAL TERM
Topical term or geographic name as entry element हिंदी नाटक -स्वतंत्रता संग्राम
9 (RLIN) 49349
650 ## - SUBJECT ADDED ENTRY--TOPICAL TERM
Topical term or geographic name as entry element Hindi literature
9 (RLIN) 49350
650 ## - SUBJECT ADDED ENTRY--TOPICAL TERM
Topical term or geographic name as entry element Hindi Drama -Freedom Struggle
9 (RLIN) 49351
700 ## - ADDED ENTRY--PERSONAL NAME
9 (RLIN) 4358
942 ## - ADDED ENTRY ELEMENTS (KOHA)
Source of classification or shelving scheme Dewey Decimal Classification
Koha item type Hindi Books
Classification part 822
Call number suffix दीक्षित
Holdings
Withdrawn status Lost status Damaged status Not for loan Home library Current library Date acquired Source of acquisition Cost, normal purchase price Total Checkouts Full call number Barcode Date last seen Copy number Cost, replacement price Price effective from Koha item type
        Central Library Central Library 10/08/2015 Cen Lib/Ret 100.00   822 दीक्षित B-023332 10/08/2015 1 100.00 10/08/2015 Hindi Books

© Delhi Public Library
Hit Counter
free hit counter